|
|
|
|
| LEADER |
01261nam a22002417a 4500 |
| 001 |
38625 |
| 003 |
BD-DhAAL |
| 008 |
220517t2021 bg a|||| b||| 001 0 ben d |
| 999 |
|
|
|c 44189
|d 44189
|
| 020 |
|
|
|a 9789849568902
|
| 040 |
|
|
|a BD-DhAAL
|
| 041 |
|
|
|a ben
|
| 082 |
|
|
|a 616.86
|
| 100 |
|
|
|a কাসেম, এম এ
|9 48476
|
| 245 |
|
|
|a মাদক-ড্রাগস :
|b ভেষজবিজ্ঞান ও সামাজিক অবক্ষয় /
|c এম এ কাসেম
|
| 260 |
|
|
|a ঢাকা :
|b মুক্তবুদ্ধি প্রকাশনা,
|c ২০২১.
|
| 300 |
|
|
|a ৬০৪ পৃষ্ঠা :
|b চিত্র ;
|c ২২ সে.মি.
|
| 504 |
|
|
|a গ্রন্থপঞ্জিগত নির্দেশিকা ও নির্ঘণ্ট অন্তর্ভুক্ত।
|
| 541 |
|
|
|a Complimentary copy from Dr. Abul Barkat, Professor & ex-Chairman, Department of Economics, University of Dhaka
|e 38625
|
| 650 |
|
|
|a Drug abuse.
|9 48477
|
| 852 |
|
|
|a Ayesha Abed Library
|c General Stacks
|
| 942 |
|
|
|2 ddc
|c BK
|
| 952 |
|
|
|0 0
|1 0
|2 ddc
|4 0
|6 616_860000000000000_KAS
|7 0
|9 70630
|a BRACUL
|b BRACUL
|c GEN
|d 2022-05-17
|e Complimentary copy from Dr. Abul Barkat
|l 1
|o 616.86 KAS
|p 3010038625
|r 2025-09-13
|s 2025-09-13
|t 1
|w 2022-05-17
|y BK
|